000 00646nam a2200217Ia 4500
003 OSt
005 20220925215343.0
006 a|||||r|||| 00| 0
007 ta
008 220923b |||||||| |||| 00| 0 eng d
037 _cGeneral Book
040 _aRTL
_cRTL
_beng
041 _2eng
_aeng
082 _aX9(F551).3hr, K7.1
111 _aGREAT BRITAIN NATIONAL COAL BOARD
_9282637
245 0 _aReport and accounts
_b27th March 1966-25th March, 1967.
260 _aLONDON
_bHer majesty's stationary office
_c1967
300 _ax,51p
_ccm.
942 _hX9(F551).3hr, K7.1
_cGB
_2CC
999 _c568584
_d568584